[Event "Czech Open A"]
[Site "Pardubice CZE"]
[Date "2009.07.30"]
[Round "7"]
[White "Vocaturo,D"]
[Black "Korobov,A"]
[Result "0-1"]
[WhiteElo "2507"]
[BlackElo "2623"]

1.e4 e5 2.Nf3 Nc6 3.d4 exd4 4.Bc4 Nf6 5.e5 d5 6.Bb5 Ne4 7.Nxd4 Bd7 8.Bxc6 bxc6
9.O-O c5 10.Ne2 Bc6 11.f3 Ng5 12.f4 Ne4 13.Nd2 Nxd2 14.Qxd2 d4 15.f5 Qd5
16.Nf4 Qe4 17.Qa5 O-O-O 18.Bd2 Qxe5 19.Rae1 Qd6 20.Qxa7 Bb7 21.c4 dxc3 22.Bxc3 Qc6
23.Qa5 c4 24.Bb4 Rd4 25.Re2 Bxb4 26.Qxb4 Rhd8 27.Qc3 Qc5 28.b4 Qxf5 29.Qg3 Rd1
30.Rf2 Rxf1+ 31.Rxf1 Qe5 32.h3 c3 33.Rc1 g5 34.Nh5 Qxg3 35.Nxg3 Rd2 36.Rxc3 Rxg2+
37.Kf1 Rxa2 38.Nf5 Ra6 39.Ke2 h5 40.Ng7 h4 41.Rc5 g4 42.hxg4 h3  0-1

[Event "Czech Open A"]
[Site "Pardubice CZE"]
[Date "2009.07.31"]
[Round "8"]
[White "Korobov,A"]
[Black "Maximov,D"]
[Result "1-0"]
[WhiteElo "2623"]
[BlackElo "2485"]

1.d4 Nf6 2.Nf3 g6 3.Bf4 Bg7 4.e3 O-O 5.Be2 d6 6.h3 Nc6 7.O-O Qe8 8.c4 e5
9.Bh2 Ne4 10.Nc3 Nxc3 11.bxc3 b6 12.Nd2 Bd7 13.Nb3 Ne7 14.c5 dxc5 15.dxe5 Rd8
16.Qe1 Nc6 17.f4 f6 18.exf6 Bxf6 19.Bc4+ Be6 20.Bb5 Bd5 21.Rd1 Be4 22.Qe2 Kh8
23.Rxd8 Bxd8 24.Nd2 Bf5 25.e4 Bd7 26.Bd3 Be6 27.Nf3 Bf6 28.e5 Be7 29.Bb5 Qa8
30.Ng5 Bd5 31.e6 Bf6 32.Nf7+ Kg7 33.f5 Ne7 34.Be5 Ng8 35.fxg6 hxg6 36.Rxf6 Nxf6
37.Qf2 Rxf7 38.exf7 Qd8 39.Bxf6+  1-0

[Event "Czech Open A"]
[Site "Pardubice CZE"]
[Date "2009.08.01"]
[Round "9"]
[White "Laznicka,V"]
[Black "Korobov,A"]
[Result "0-1"]
[WhiteElo "2617"]
[BlackElo "2623"]

1.d4 Nf6 2.g3 g6 3.Bg2 Bg7 4.e4 d6 5.Nc3 O-O 6.Nge2 e5 7.h3 Nc6 8.Be3 exd4
9.Nxd4 Bd7 10.O-O Re8 11.Re1 Nxd4 12.Bxd4 c5 13.Be3 Bc6 14.Qd3 Re6 15.a4 Qe8
16.Bd2 Rd8 17.g4 h6 18.f4 Re7 19.a5 Qd7 20.Rad1 Qc7 21.Bf3 Rde8 22.Kg2 a6
23.b3 b5 24.axb6 Qxb6 25.Re2 Bb7 26.Rde1 a5 27.e5 dxe5 28.fxe5 Nd7 29.e6 Bxf3+
30.Kxf3 fxe6 31.Qxg6 Nf8 32.Qh5 Rd8 33.Ne4 Rd5 34.g5 Qc6 35.Kg3 Rf7 36.h4 Rdf5
37.Rg1 Be5+ 38.Kg4 c4 39.Re3 Bd4 40.Kh3 Bxe3  0-1

[Event "New Years All-Ukrainian Open"]
[Site "Poltava UKR"]
[Date "2009.12.04"]
[Round "1"]
[White "Petrova,I"]
[Black "Korobov,A"]
[Result "0-1"]
[WhiteElo "2010"]
[BlackElo "2642"]

1.d4 Nf6 2.c4 g6 3.Nc3 Bg7 4.e4 d6 5.Nf3 O-O 6.Be2 Bg4 7.O-O Nfd7 8.h3 Bxf3
9.Bxf3 Nc6 10.Be3 e5 11.Ne2 exd4 12.Nxd4 Re8 13.Rc1 Nxd4 14.Bxd4 Bxd4 15.Qxd4 a5
16.g3 Qg5 17.Bg2 Qc5 18.Qc3 Qb4 19.Qc2 a4 20.f4 Re7 21.Kh2 Rae8 22.b3 a3
23.Rcd1 Nc5 24.Rfe1 f5 25.e5 dxe5 26.fxe5 c6 27.Qe2 Qc3 28.Qf1 Rxe5 29.Rxe5 Qxe5
30.b4 Ne4 31.Rd3 Qb2 32.Qf4 Qxa2 33.Qc7 Qb2 34.Rd7 a2 35.Rxh7 Qf6  0-1

[Event "New Years All-Ukrainian Open"]
[Site "Poltava UKR"]
[Date "2009.12.05"]
[Round "2"]
[White "Korobov,A"]
[Black "Shtanko,D"]
[Result "1-0"]
[WhiteElo "2642"]
[BlackElo "2346"]

1.d4 Nf6 2.c4 e6 3.Nc3 Bb4 4.e3 c5 5.Bd3 d5 6.Nf3 O-O 7.O-O cxd4 8.exd4 dxc4
9.Bxc4 a6 10.a4 Nc6 11.Bg5 Be7 12.Re1 b6 13.d5 Nxd5 14.Nxd5 Bxg5 15.Nxg5 Qxg5
16.Nxb6 Bb7 17.Qc1 Qg6 18.Ra3 Rad8 19.Bxa6 Bxa6 20.Qxc6 Rd2 21.b4 Bd3 22.h3 Rd8
23.a5 Qf6 24.Qf3 Qb2 25.Raa1 Qxb4 26.a6 Ra2 27.Rxa2 Qxe1+ 28.Kh2 Qb1 29.Rd2 Qxb6
30.Rxd3 Qc7+ 31.g3 Rb8 32.Rb3 Rxb3 33.Qxb3 Qa7 34.Kg2  1-0

[Event "New Years All-Ukrainian Open"]
[Site "Poltava UKR"]
[Date "2009.12.06"]
[Round "4"]
[White "Korobov,A"]
[Black "Gasanov,E"]
[Result "1-0"]
[WhiteElo "2642"]
[BlackElo "2530"]

1.d4 d5 2.c4 c6 3.Nc3 Nf6 4.Nf3 e6 5.Bg5 h6 6.Bh4 dxc4 7.e4 g5 8.Bg3 b5 9.Be2 Bb7
10.h4 g4 11.Ne5 Nbd7 12.Nxg4 b4 13.Nxf6+ Nxf6 14.Na4 Nxe4 15.Be5 Rg8 16.Bf3 c5
17.Qe2 Qd5 18.O-O-O cxd4 19.Bxd4 Qc6 20.Rhe1 Qxa4 21.Bxe4 Bxe4 22.Qxe4 Rc8
23.Bf6 c3 24.Qc4  1-0

[Event "New Years All-Ukrainian Open"]
[Site "Poltava UKR"]
[Date "2009.12.07"]
[Round "5"]
[White "Kononenko,Dmitry1"]
[Black "Korobov,A"]
[Result "1-0"]
[WhiteElo "2566"]
[BlackElo "2642"]

1.e4 c5 2.Nf3 d6 3.d4 cxd4 4.Nxd4 Nf6 5.Nc3 a6 6.Be3 e6 7.Be2 Nbd7 8.f4 b5
9.Bf3 Bb7 10.a3 Qc7 11.Qe2 e5 12.Nf5 g6 13.fxe5 dxe5 14.Nh6 Bc5 15.g4 Bxe3
16.Qxe3 Nb6 17.Be2 Nfd7 18.Rf1 Rf8 19.g5 Qc5 20.Qxc5 Nxc5 21.Ng4 Nbd7 22.O-O-O O-O-O
23.b4 Nxe4 24.Nxe4 Bxe4 25.c4 Bc6 26.Rd6 Kc7 27.c5 e4 28.Nf6 Ne5 29.Rxd8 Rxd8
30.Ng4 Nf3 31.Bxf3 exf3 32.Ne5 Be4 33.Nxf3 Rd5 34.h4 Kc6 35.Rf2 a5 36.Ne1 Bf5
37.Rd2 Be4 38.Nc2 Rxd2 39.Kxd2 Kd5 40.Kc3 f5 41.gxf6 Ke6 42.bxa5 Kxf6 43.Kd4 Ba8
44.Nb4 Ke6 45.Nd3 h5 46.Ne5 g5 47.hxg5 h4 48.g6 Kf6 49.c6 h3 50.c7 Bb7 51.Ng4+ Kxg6
52.Kc5 Kf5 53.Kb6  1-0

[Event "New Years All-Ukrainian Open"]
[Site "Poltava UKR"]
[Date "2009.12.08"]
[Round "6"]
[White "Korobov,A"]
[Black "Maximov,D"]
[Result "1-0"]
[WhiteElo "2642"]
[BlackElo "2513"]

1.d4 Nf6 2.Nf3 g6 3.c3 Bg7 4.Bg5 O-O 5.Nbd2 d6 6.e4 Nc6 7.Bc4 h6 8.Bh4 e5
9.O-O Qe8 10.Re1 Nh5 11.dxe5 dxe5 12.a4 b6 13.b4 Nf4 14.a5 bxa5 15.b5 Nd8
16.Qa4 Nb7 17.Bf1 Bd7 18.Reb1 a6 19.c4 axb5 20.cxb5 Nd6 21.Ra2 Ne6 22.Bg3 f6
23.Rab2 Rf7 24.Qa2 Nc5 25.Rc1 Be6 26.Qb1 Na4 27.Rbc2 Ra7 28.Ne1 Nb6 29.f4 a4
30.fxe5 fxe5 31.Nef3 a3 32.Bxe5 a2 33.Qa1 Nxb5 34.Bxg7 Rxg7 35.e5 g5 36.Ne4 Nd5
37.Rc5 Qg6 38.Bd3 Kh8 39.Rxb5 Nf4 40.Rb8+ Bg8 41.Rxg8+ Rxg8 42.e6+ Rg7 43.Ne5 Qxe6
44.Bc4 Qb6+ 45.Kh1 Qe3 46.Nf7+ Kh7 47.Nf6+ Kg6 48.Nh8+  1-0

[Event "New Years All-Ukrainian Open"]
[Site "Poltava UKR"]
[Date "2009.12.09"]
[Round "7"]
[White "Zubarev,Al1"]
[Black "Korobov,A"]
[Result "1/2-1/2"]
[WhiteElo "2535"]
[BlackElo "2642"]

1.e4 e5 2.Nf3 Nc6 3.Bb5 a6 4.Bxc6 dxc6 5.O-O Qe7 6.d4 exd4 7.Qxd4 Bg4 8.Nbd2 Qc5
9.h3 Qxd4 10.Nxd4 Bd7 11.a4 O-O-O 12.N4f3 Nf6 13.a5 Bc5 14.Re1 Rhe8 15.e5 Nd5  1/2-1/2

[Event "New Years All-Ukrainian Open"]
[Site "Poltava UKR"]
[Date "2009.12.10"]
[Round "8"]
[White "Korobov,A"]
[Black "Kislinsky,A"]
[Result "1-0"]
[WhiteElo "2642"]
[BlackElo "2446"]

1.d4 Nf6 2.c4 g6 3.Nc3 Bg7 4.e4 d6 5.Nf3 O-O 6.Be2 c5 7.d5 e6 8.O-O exd5
9.exd5 Bg4 10.Bf4 Ne8 11.Qd2 Nd7 12.h3 Bxf3 13.Bxf3 Ne5 14.Be2 f5 15.Rab1 Rc8
16.b4 b6 17.Nb5 Ra8 18.bxc5 bxc5 19.Na3 Rf7 20.Rb3 Bf6 21.Qc2 Ng7 22.Rfb1 g5
23.Bd2 Nd7 24.Rb7 Be5 25.Nb5 g4 26.Rb3 Nf6 27.Rxf7 Kxf7 28.hxg4 fxg4 29.Bg5 h5
30.Qb1 Rb8 31.Nxa7 Rxb3 32.axb3 Qa5 33.Nc6 Qa1 34.Qxa1 Bxa1 35.Bd3 Nd7 36.Kh2 Ne5
37.Bc2 Ne8 38.Kg3 Bc3 39.Kh4 Ng7 40.Nd8+ Kg8 41.Ne6 Be1 42.Nxg7 Bxf2+ 43.Kxh5 Kxg7
44.Be7 Nf7 45.Kxg4 Bd4 46.Kf5 Be5 47.Ke6  1-0

[Event "New Years All-Ukrainian Open"]
[Site "Poltava UKR"]
[Date "2009.12.11"]
[Round "9"]
[White "Zinchenko,Ya"]
[Black "Korobov,A"]
[Result "1/2-1/2"]
[WhiteElo "2526"]
[BlackElo "2642"]

1.d4 Nf6 2.Nf3 g6 3.Bf4 Bg7 4.e3 d6 5.h3 O-O 6.Be2 Nc6 7.O-O Qe8 8.Bh2 e5
9.c4 Ne4 10.dxe5 dxe5 11.Nbd2 Bf5 12.Qb3 Nxd2  1/2-1/2

[Event "TCh-UKR Clubs"]
[Site "Alushta UKR"]
[Date "2010.05.14"]
[Round "3"]
[White "Korobov,A"]
[Black "Khadzh Khamed,N"]
[Result "1-0"]
[WhiteElo "2649"]
[BlackElo "2015"]

1.d4 d5 2.c4 c6 3.Nc3 Nf6 4.Nf3 g6 5.Bg5 Ne4 6.h4 Nxg5 7.hxg5 Bg7 8.e3 Bg4
9.Qb3 Nd7 10.cxd5 O-O 11.Nh2 f5 12.dxc6+ Kh8 13.cxd7 Qxd7 14.Nxg4 fxg4 15.Bd3 Rf5
16.O-O-O Rxg5 17.Rxh7+  1-0

[Event "TCh-UKR Clubs"]
[Site "Alushta UKR"]
[Date "2010.05.15"]
[Round "4"]
[White "Ledakov,A"]
[Black "Korobov,A"]
[Result "0-1"]
[WhiteElo "2196"]
[BlackElo "2649"]

1.d4 Nf6 2.Nf3 g6 3.Bf4 Bg7 4.e3 d6 5.h3 O-O 6.c4 Nc6 7.Nc3 Qe8 8.Be2 e5
9.Bh2 exd4 10.exd4 Ne4 11.O-O Nxc3 12.bxc3 b6 13.Re1 Qd7 14.c5 dxc5 15.Bb5 a6
16.Bxc6 Qxc6 17.d5 Qb5 18.Rb1 Qc4 19.Bxc7 b5 20.Ne5 Qf4 21.Rb2 Bb7 22.Rbe2 Qg5
23.f3 Rfe8 24.d6 Rxe5 25.d7 Bxf3 26.d8=Q+ Rxd8 27.Bxd8 Bxe2 28.Rxe2 Qh5 29.g4 Qxh3
30.Rxe5 Bxe5  0-1

[Event "TCh-UKR Clubs"]
[Site "Alushta UKR"]
[Date "2010.05.16"]
[Round "6"]
[White "Kovchan,A"]
[Black "Korobov,A"]
[Result "0-1"]
[WhiteElo "2584"]
[BlackElo "2649"]

1.e4 c5 2.Nf3 d6 3.d4 cxd4 4.Nxd4 Nf6 5.Nc3 a6 6.Be3 e6 7.f3 b5 8.g4 h6 9.Qd2 b4
10.Na4 Nbd7 11.O-O-O Ne5 12.f4 Nexg4 13.Bg2 Bb7 14.Qxb4 Rb8 15.Nxe6 fxe6
16.Ba7 Bxe4 17.Bxb8 d5 18.Qb7 Bxg2 19.Rhe1 Qd7 20.Qb6 Ne4 21.f5 Be7 22.Qxa6 Kf7
23.Bf4 exf5 24.Nb6 Qe6 25.Rxd5 g5 26.Bc7 f4 27.h3 Ne3 28.Re5 Qc6 29.Rxe3 fxe3
30.Qa7 Qf6 31.Rxe7+ Qxe7 32.Nd5 e2 33.Qe3 Qc5  0-1

[Event "TCh-UKR Clubs"]
[Site "Alushta UKR"]
[Date "2010.05.17"]
[Round "7"]
[White "Korobov,A"]
[Black "Tukhaev,A"]
[Result "1/2-1/2"]
[WhiteElo "2649"]
[BlackElo "2534"]

1.d4 Nf6 2.c4 e6 3.Nc3 Bb4 4.e3 b6 5.f3 O-O 6.e4 d5 7.e5 Nfd7 8.cxd5 exd5
9.a3 Bxc3+ 10.bxc3 f6 11.exf6 Nxf6 12.Bd3 Ba6 13.Ne2 Bxd3 14.Qxd3 Nc6 15.O-O Qd7
16.Bg5 Rae8 17.Rae1 Na5 18.Nf4 c6 19.Rxe8 Qxe8 20.Bh4 Nc4 21.Re1 Qd7 22.a4 Re8
23.Rxe8+ Qxe8 24.Kf2 Nh5 25.Nh3 a5 26.g4 Qb8 27.Bg3 Nxg3 28.hxg3 Qe8 29.Nf4 g6
30.g5 Kf7 31.g4 Qe7 32.Qe2 Qxe2+ 33.Kxe2 Nb2 34.Kd2 Nxa4 35.Kc2 b5 36.Nd3 Ke6
37.f4 Nb6 38.Ne5 Kd6 39.f5 Nc4 40.Nxc4+ dxc4 41.f6 Ke6  1/2-1/2

[Event "21st Czech Rapid Open"]
[Site "Pardubice CZE"]
[Date "2010.07.21"]
[Round "5"]
[White "Kononenko,Dmitry1"]
[Black "Korobov,A"]
[Result "1-0"]
[WhiteElo "2590"]
[BlackElo "2657"]

1.d4 d5 2.c4 c6 3.Nc3 e5 4.dxe5 d4 5.Ne4 Qa5+ 6.Nd2 Nd7 7.Nf3 Nxe5 8.Nxd4 Bg4
9.Nb3 Qb6 10.Qc2 Nf6 11.c5 Qb4 12.a3 Qa4 13.Qc3 Ned7 14.f3 Be6 15.e4 b6 16.cxb6 axb6
17.Nd4 Bc5 18.Nxe6 fxe6 19.Qc4 Ke7 20.Qxa4 Rxa4 21.Nb3 Bd6 22.Be3 b5 23.Nd4 Nb8
24.Rc1 b4 25.axb4 Rxb4 26.Bc4 Rxb2 27.O-O g6 28.Nxe6 Nbd7 29.Nd4 Ne5 30.Rf2 Rxf2
31.Bxf2 Rb8 32.f4  1-0

[Event "21st Czech GM Open"]
[Site "Pardubice CZE"]
[Date "2010.07.25"]
[Round "3"]
[White "Krejci,Jan2"]
[Black "Korobov,A"]
[Result "0-1"]
[WhiteElo "2463"]
[BlackElo "2657"]

1.e4 c5 2.Nf3 d6 3.d4 cxd4 4.Nxd4 Nf6 5.Nc3 a6 6.Be3 e6 7.Be2 Be7 8.f4 Qc7
9.Bf3 Nbd7 10.g4 Nb6 11.Qe2 Nc4 12.O-O-O Nxe3 13.Qxe3 Qc5 14.Qe2 Nd7 15.Kb1 Nb6
16.g5 Bd7 17.Bh5 g6 18.Bg4 Nc4 19.Nb3 Qc7 20.h4 b5 21.Rd4 h6 22.Re1 hxg5
23.hxg5 Rc8 24.Rd3 Rh4 25.Rc1 b4 26.Nd1 e5 27.Bxd7+ Qxd7 28.fxe5 Nxe5 29.Rg3 a5
30.Nd4 Rc4 31.Nf3 Rcxe4 32.Ne3 Nxf3 33.Qxf3 Qe6 34.Ng2 Rh2 35.c3 Qf5 36.Qxf5 gxf5
37.cxb4 axb4 38.Ne1 f4 39.Rd3 Re3 40.Rcd1 Rh1 41.Nc2 Reh3 42.Rd5 f3 43.Ne3 Rxd1+
44.Nxd1 Kd7 45.a4 b3 46.Kc1 Ke6 47.Rb5 Rh1 48.Kd2 d5 49.Rb6+ Ke5  0-1

[Event "21st Czech GM Open"]
[Site "Pardubice CZE"]
[Date "2010.07.27"]
[Round "5"]
[White "Tikkanen,H"]
[Black "Korobov,A"]
[Result "1/2-1/2"]
[WhiteElo "2469"]
[BlackElo "2657"]

1.d4 d5 2.c4 e6 3.Nc3 c6 4.cxd5 exd5 5.Bf4 Nf6 6.e3 Bf5 7.Bd3 Bxd3 8.Qxd3 Bd6
9.Bxd6 Qxd6 10.Nf3 Nbd7 11.h3 O-O 12.O-O Rfe8 13.Nd2 Nf8 14.Rfe1 Ng6 15.a3 Nh4
16.g3 Ng6 17.e4 dxe4 18.Ndxe4 Nxe4 19.Rxe4 Rxe4 20.Qxe4 Qd7 21.d5 Re8 22.dxc6 bxc6
23.Qg2 Ne5 24.Rd1 Qe6 25.Qe4 f5 26.Qe3 Qf7 27.Kg2 Nc4 28.Qf3 Qe6  1/2-1/2

[Event "21st Czech GM Open"]
[Site "Pardubice CZE"]
[Date "2010.07.30"]
[Round "8"]
[White "Korobov,A"]
[Black "Stocek,J"]
[Result "1-0"]
[WhiteElo "2657"]
[BlackElo "2587"]

1.d4 Nf6 2.c4 e6 3.Nc3 Bb4 4.e3 c5 5.Bd3 Nc6 6.Nf3 Bxc3+ 7.bxc3 d6 8.O-O e5
9.Nd2 O-O 10.Ne4 b6 11.Nxf6+ Qxf6 12.Be4 Bb7 13.Bd5 Na5 14.dxc5 dxc5 15.e4 Rad8
16.Qe2 Ba6 17.Re1 Kh8 18.Be3 h6 19.f3 Qe7 20.Rad1 Qe8 21.f4 f5 22.fxe5 f4
23.Bf2 Qxe5 24.Rd3 Rd6 25.Rf3 Bc8 26.Qb2 Ba6 27.Qe2 Rdf6 28.g3 g5 29.gxf4 gxf4
30.Kh1 Rg6 31.Rg1 Rxg1+ 32.Bxg1 Bc8 33.h3 Bf5 34.Bh2 Bg6 35.Qe3 Nxc4 36.Rxf4 Rxf4
37.Qxf4 Qxf4 38.Bxf4 b5 39.Bxh6 Nb6 40.Bc6 b4 41.cxb4 cxb4 42.Be3 Nc4 43.Bxa7 Nd2
44.Bc5 b3 45.axb3 Nxb3 46.Be3 Na5 47.Bd5 Be8 48.Kg2 Nc6 49.Bc5 Kg7 50.Kg3 Bd7
51.h4 Nd8 52.h5 Ne6 53.Be3 Kh7 54.Kh4 Kg7 55.e5 Nf8 56.Be4 Be6 57.h6+ Kg8
58.Bg5 Nh7 59.Bf6 Nxf6 60.exf6 Kh8 61.Kg5 Bf7 62.Kf4 Bh5 63.Kg5 Bf7 64.Bg6 Bc4
65.Kf4 Bb3 66.Ke5 Bc4 67.Kd6 Bb3 68.Ke7 Bc4 69.Bh5 Kh7 70.Bf7 Kh8  1-0

[Event "21st Czech GM Open"]
[Site "Pardubice CZE"]
[Date "2010.07.31"]
[Round "9"]
[White "Sethuraman,S"]
[Black "Korobov,A"]
[Result "1/2-1/2"]
[WhiteElo "2513"]
[BlackElo "2657"]

1.e4 e6 2.d4 d5 3.Nd2 c5 4.exd5 exd5 5.Bb5+ Nc6 6.Ngf3 Bd6 7.dxc5 Bxc5 8.O-O Ne7
9.Nb3 Bb6 10.c4 O-O 11.Bxc6 dxc4 12.Be4  1/2-1/2

[Event "Ramadan Master Open"]
[Site "Abu Dhabi UAE"]
[Date "2010.08.12"]
[Round "1"]
[White "Korobov,A"]
[Black "Sharbaf,M"]
[Result "1-0"]
[WhiteElo "2657"]
[BlackElo "2370"]

1.d4 Nf6 2.c4 e6 3.Nc3 Bb4 4.e3 b6 5.Ne2 Ne4 6.Bd2 Nxd2 7.Qxd2 Bb7 8.a3 Be7
9.d5 O-O 10.g3 c5 11.Bg2 d6 12.O-O e5 13.f4 exf4 14.gxf4 Re8 15.Ng3 Bf8 16.e4 g6
17.e5 Bh6 18.Qf2 f5 19.e6 Na6 20.Kh1 Nc7 21.Qd2 Qf6 22.Qd3 Re7 23.Rad1 Ne8
24.b4 Rc8 25.Nge2 Ba6 26.b5 Bb7 27.a4 a5 28.Qg3 Nc7 29.h4 Kf8 30.Qh3 Rg7
31.h5 gxh5 32.Bf3 Rg4 33.Ne4 fxe4 34.Bxg4 hxg4 35.Qxg4 e3 36.Kh2 Bg7 37.Ng3 Qh6+
38.Nh5 Ne8 39.Rg1 Rc7 40.Qf5+ Bf6 41.Rde1 Ke7 42.Rg8 Ng7 43.Qxf6+ Qxf6 44.Rxg7+  1-0

[Event "Chigorin Mem Classic Open"]
[Site "St Petersburg RUS"]
[Date "2010.10.28"]
[Round "1"]
[White "Korobov,A"]
[Black "Turikov,V"]
[Result "1-0"]
[WhiteElo "2670"]
[BlackElo "2308"]

1.d4 b6 2.e4 Bb7 3.Nc3 e6 4.Nf3 Bb4 5.Bd3 Nf6 6.Qe2 d5 7.exd5 Bxc3+ 8.bxc3 Qxd5
9.Rb1 O-O 10.Rb5 c5 11.dxc5 Bc6 12.c4 Qd8 13.cxb6 axb6 14.Rg5 Nbd7 15.Ne5 Nxe5
16.Qxe5 Ra5 17.Qg3 Rxg5 18.Bxg5 Qd4 19.O-O Ne4 20.Qh4 f5 21.Be3 Qd7 22.Bxb6 Nd2
23.Rd1 Qb7 24.c5 Ne4 25.Bc4 Qf7 26.Rd8 Nf6 27.Rxf8+ Kxf8 28.Qf4 Qd7 29.Qd6+ Kf7
30.f3 Ba4 31.Qxd7+ Nxd7 32.Bb3 Bc6 33.a4 Ke7 34.a5 Nf6 35.a6 Nd5 36.Ba5 Kd7
37.a7 Kc8 38.Ba4 Ba8 39.c6 Ne7 40.Bb3 Bxc6 41.Bxe6+ Kb7 42.Bb4 Bd5 43.Bxd5+ Nxd5
44.Bc5 Nc7 45.Kf2 Ne6 46.Bb6 Nf4 47.g3 Nd5 48.Bd4 g6 49.Ke2 h5 50.Kd3 g5
51.Kc4 Nc7 52.Kc5 g4 53.fxg4 fxg4 54.Kd6 Nb5+ 55.Ke5 Na3 56.c3 Nc4+ 57.Kf5 Nd2
58.Kg5 Nf3+ 59.Kxh5 Nxh2 60.Kg5 Ka8  1-0

[Event "Chigorin Mem Classic Open"]
[Site "St Petersburg RUS"]
[Date "2010.10.30"]
[Round "3"]
[White "Korobov,A"]
[Black "Frolochkin,V"]
[Result "1/2-1/2"]
[WhiteElo "2670"]
[BlackElo "2331"]

1.d4 Nf6 2.c4 c5 3.d5 b5 4.cxb5 a6 5.bxa6 Bxa6 6.Nc3 g6 7.Nf3 Bg7 8.g3 O-O
9.Bg2 d6 10.O-O Nbd7 11.Qc2 Qa5 12.Rb1 Nb6 13.Nd2 Bb7 14.e4 Nfd7 15.Nb3 Qa7
16.Bg5 Rfe8 17.Rfd1 h6 18.Bf4 Na4 19.Nd2 Reb8 20.Nb5 Qa5 21.Nxd6 exd6 22.Nc4 Qd8
23.Nxd6 Nab6 24.e5 g5 25.Be3 Nxe5 26.Bxc5 Rxa2 27.Qb3 Ra6 28.Bf1 Ned7 29.Nxb7 Rxb7
30.Bxa6 Nxc5 31.Qb5 Nxa6 32.Qxa6 Rd7 33.Rbc1 Bf8 34.h3 Nxd5 35.Rc8 Nb4 36.Rxd7 Qxd7
37.Qa8 Qd6 38.Rd8 Qc5 39.b3 Qc1+ 40.Kh2 Qc5 41.Kg2 Qe7 42.Re8 Qc5 43.Qc8 Qd6
44.Qd8 Qc6+ 45.Kh2 Qc5 46.Qf6 Nd3 47.Re3 Qd5 48.Qf3 Qxf3 49.Rxf3 Ne5 50.Rc3 Kg7
51.Kg2 h5 52.f4 gxf4 53.gxf4 Ng6 54.Kf3 Bd6 55.Rc6 Bb8 56.Rc4 Kf6 57.b4 Ke6
58.Rc6+ Kd7 59.Rf6 Ke7 60.Rb6 Bc7 61.Rc6 Bd6 62.b5 Nxf4 63.Rxd6 Kxd6 64.Kxf4 Kc5
65.Kg5 Kxb5 66.Kxh5 Kc6 67.h4  1/2-1/2

[Event "Chigorin Mem Classic Open"]
[Site "St Petersburg RUS"]
[Date "2010.10.31"]
[Round "4"]
[White "Demianjuk,A"]
[Black "Korobov,A"]
[Result "0-1"]
[WhiteElo "2328"]
[BlackElo "2670"]

1.e4 c5 2.Nf3 d6 3.d4 cxd4 4.Nxd4 Nf6 5.Nc3 a6 6.Be2 e5 7.Nb3 Be7 8.O-O O-O
9.Be3 Be6 10.Qd2 b5 11.a4 b4 12.Nd5 Nxe4 13.Nxe7+ Qxe7 14.Qxb4 f5 15.Rfd1 Nc6
16.Qe1 f4 17.Bb6 Ng5 18.f3 e4 19.fxe4 f3 20.gxf3 Nxf3+ 21.Bxf3 Rxf3 22.Qe2 Ne5
23.Nd2 Bg4 24.Nxf3 Bxf3 25.Qe1 Rf8 26.Bd4 Bxd1  0-1

[Event "Chigorin Mem Classic Open"]
[Site "St Petersburg RUS"]
[Date "2010.11.02"]
[Round "6"]
[White "Shinkevich,V"]
[Black "Korobov,A"]
[Result "0-1"]
[WhiteElo "2525"]
[BlackElo "2670"]

1.d4 Nf6 2.Nf3 e6 3.c4 c6 4.Nc3 d5 5.g3 dxc4 6.Bg2 Nbd7 7.O-O b5 8.e4 Bb7
9.e5 Nd5 10.Ng5 h6 11.Nxe6 fxe6 12.Qh5+ Ke7 13.Bg5+ hxg5 14.Qxh8 N7b6 15.Ne4 Kd7
16.Qg8 Qe8 17.Qh7 Rd8 18.Nxg5 Kc7 19.Rae1 Kb8 20.f4 c5 21.f5 exf5 22.e6 cxd4
23.Nf7 Rc8 24.Qxf5 Bc5 25.Qe5+ Ka8 26.Nd6 d3+ 27.Kh1 Bxd6 28.Qxd6 Nf6 29.Rf5 Bxg2+
30.Kxg2 Rc6 31.Qd4 Rxe6 32.Rxe6 Qxe6 33.Re5 Qd7 34.Qxd7 Nbxd7 35.Re1 b4 36.Kf3 c3
37.bxc3 bxc3 38.Ke3 d2 39.Rf1 Ne5  0-1

[Event "Chigorin Mem Classic Open"]
[Site "St Petersburg RUS"]
[Date "2010.11.03"]
[Round "7"]
[White "Korobov,A"]
[Black "Sakaev,K"]
[Result "0-1"]
[WhiteElo "2670"]
[BlackElo "2607"]

1.d4 d5 2.c4 c6 3.Nc3 Nf6 4.Nf3 e6 5.Bg5 h6 6.Bxf6 Qxf6 7.e3 Nd7 8.Bd3 dxc4
9.Bxc4 g6 10.O-O Bg7 11.Qc2 O-O 12.Ne4 Qe7 13.Bb3 Rd8 14.Rad1 Rb8 15.h4 Nf6
16.Nxf6+ Bxf6 17.h5 gxh5 18.Qe4 Bd7 19.Ne5 c5 20.Bc2 Bxe5 21.dxe5 Qg5 22.f4 Qg7
23.Qd3 Kf8 24.Qd6+ Ke8 25.Be4 Ba4 26.Qxc5 Bxd1 27.f5 Be2 28.Rf4 Qg3  0-1

[Event "29th European Blitz"]
[Site "Warsaw POL"]
[Date "2010.12.17"]
[Round "4"]
[White "Korobov,A"]
[Black "Tregubov,P"]
[Result "0-1"]
[WhiteElo "2684"]
[BlackElo "2598"]

1.d4 d5 2.c4 e6 3.Nc3 c6 4.Nf3 dxc4 5.a4 Bb4 6.e3 b5 7.Bd2 a5 8.axb5 Bxc3
9.Bxc3 cxb5 10.b3 Bb7 11.bxc4 b4 12.Bb2 Nf6 13.c5 O-O 14.Bb5 Bc6 15.Ba4 Qc7
16.O-O Bxa4 17.Qxa4 Nc6 18.h3 h6 19.Nd2 e5 20.Nc4 exd4 21.exd4 Rfd8 22.Rad1 Nd5
23.Rfe1 Rab8 24.Nd6 Rxd6 25.cxd6 Qxd6 26.Rc1 Rb6 27.Re8+ Kh7 28.Qc2+ g6 29.Qc5 Nce7
30.Qxa5 Rc6 31.Rc5 Qe6 32.Qa1 Ra6 33.Qc1 Qd7 34.Rf8 Kg7 35.Rb8 Nf5 36.Rcc8 Nfe7
37.Rh8 g5 38.Qe1 Re6 39.Qd2 Re4 40.Rhd8 Qe6 41.Kh2 Re2 42.Qd3 Rxf2 43.Qg3 Rxb2
44.Rd6 Qe4 45.Rdd8 Nf4  0-1

[Event "29th European Blitz"]
[Site "Warsaw POL"]
[Date "2010.12.17"]
[Round "5"]
[White "Tregubov,P"]
[Black "Korobov,A"]
[Result "0-1"]
[WhiteElo "2598"]
[BlackElo "2684"]

1.d4 Nf6 2.c4 g6 3.g3 Bg7 4.Bg2 O-O 5.Nc3 Nc6 6.Nf3 a6 7.O-O Rb8 8.d5 Na5
9.Qd4 d6 10.Qh4 c5 11.Bh6 Bxh6 12.Qxh6 Ng4 13.Qf4 b5 14.h3 Nf6 15.cxb5 axb5
16.b4 cxb4 17.Qxb4 Bd7 18.Nd4 Qb6 19.Rab1 Rfc8 20.Ncxb5 Rc5 21.a4 Nxd5 22.Qd2 Nc4
23.Qd3 Ne5 24.Qb3 Nf6 25.Rfc1 Qa5 26.Rxc5 dxc5 27.Nf3 Nxf3+ 28.Bxf3 Bxh3
29.Qc2 Bf5 30.e4 Bd7 31.Kg2 Bxb5 32.axb5 Rxb5 33.Rd1 e5 34.Rd6 Kg7 35.Qc1 Qc7
36.Rd1 c4 37.Qc3 Rb3 38.Qc2 Qc5 39.Rc1 Rb4 40.Qc3 h5 41.Rc2 g5 42.Qd2 Kg6
43.Qd8 c3 44.Qd3 Rb2 45.Bd1 g4  0-1

[Event "29th European Blitz"]
[Site "Warsaw POL"]
[Date "2010.12.17"]
[Round "6"]
[White "Korobov,A"]
[Black "Gashimov,V"]
[Result "0-1"]
[WhiteElo "2684"]
[BlackElo "2733"]

1.d4 Nf6 2.c4 e6 3.Nc3 c5 4.d5 exd5 5.cxd5 Bd6 6.Nf3 O-O 7.e4 Re8 8.Bd3 Bc7
9.O-O d6 10.h3 a6 11.a4 Nbd7 12.Bf4 Nf8 13.Re1 Ng6 14.Bh2 Rb8 15.Nd2 Ne5
16.Bf1 Bd7 17.f4 Ng6 18.Kh1 b5 19.axb5 axb5 20.b3 Ba5 21.Rc1 Bb4 22.Bd3 Qa5
23.Ndb1 c4 24.bxc4 bxc4 25.Bf1 h6 26.e5 Nh7 27.e6 fxe6 28.dxe6 Bc6 29.Bxc4 Nf6
30.Bf1 Qf5 31.Qd2 Nh4 32.Re3 Rxe6 33.Rxe6 Qxe6 34.Qd3 Kh8 35.Ne2 Be4 36.Qa6 Qxh3  0-1

[Event "29th European Blitz"]
[Site "Warsaw POL"]
[Date "2010.12.17"]
[Round "6"]
[White "Korobov,A"]
[Black "Jussupow,Ar"]
[Result "1/2-1/2"]
[WhiteElo "2684"]
[BlackElo "2589"]

1.d4 e6 2.c4 Nf6 3.Nf3 Bb4+ 4.Nbd2 d5 5.a3 Be7 6.b4 O-O 7.e3 a5 8.b5 c5 9.Bb2 Nbd7
10.Be2 b6 11.O-O Bb7 12.Ne5 Nxe5 13.dxe5 Nd7 14.f4 f6 15.Bg4 f5 16.Bf3 Qc7
17.Qb3 d4 18.a4 Bxf3 19.Nxf3 dxe3 20.Qxe3 Rfd8 21.h3 Nf8 22.g4 Qb7 23.Rad1 Qe4
24.Qxe4 fxe4 25.Ng5 Bxg5 26.fxg5 Rd3 27.Rxd3 exd3 28.Kf2 Ng6 29.Ke3 Rd8 30.Rd1 Kf7
31.Rd2 Ke7 32.Bc3 Rd7 33.Rh2 Nh4 34.Rf2 Rd8 35.Rd2 Rd7 36.Ke4 Rd8 37.Ke3  1/2-1/2

[Event "29th European Blitz"]
[Site "Warsaw POL"]
[Date "2010.12.17"]
[Round "6"]
[White "Jussupow,Ar"]
[Black "Korobov,A"]
[Result "0-1"]
[WhiteElo "2589"]
[BlackElo "2684"]

1.d4 Nf6 2.Nf3 g6 3.g3 Bg7 4.c4 O-O 5.Bg2 Nc6 6.O-O a6 7.Nc3 Rb8 8.e4 d6
9.Re1 Bg4 10.h3 Bxf3 11.Bxf3 Nd7 12.Be3 e5 13.d5 Nd4 14.Bg2 c5 15.dxc6 bxc6
16.b3 Nc5 17.Ne2 Nce6 18.h4 a5 19.Nc3 f5 20.exf5 gxf5 21.Ne2 Nxe2+ 22.Qxe2 f4
23.Bh3 Nd4 24.Bxd4 exd4 25.Qh5 fxg3 26.fxg3 Qf6 27.Rf1 Qe5 28.Qxe5 Bxe5 29.Kg2 a4
30.Be6+ Kg7 31.Rxf8 Kxf8 32.c5 Ke7 33.Bc4 d5 34.Bd3 axb3 35.axb3 Rxb3 36.Bxh7 Rxg3+
37.Kf2 Rh3 38.Ra6 Rxh4 39.Bd3 Rh2+ 40.Ke1 Bg3+ 41.Kd1 Bf4 42.Ke1 Rh6 43.Ke2 Be3
44.Kf3 Rf6+ 45.Kg4 Kd8 46.Bf5 Kc7 47.Ra7+ Kb8 48.Re7 Rf8  0-1

[Event "29th European Blitz"]
[Site "Warsaw POL"]
[Date "2010.12.17"]
[Round "6"]
[White "Gashimov,V"]
[Black "Korobov,A"]
[Result "1-0"]
[WhiteElo "2733"]
[BlackElo "2684"]

1.e4 e6 2.d4 d5 3.Nc3 Bb4 4.e5 c5 5.a3 Bxc3+ 6.bxc3 Nc6 7.h4 f6 8.Qg4 fxe5
9.Qxg7 Qf6 10.Qxf6 Nxf6 11.Bb5 Bd7 12.Bxc6 Bxc6 13.dxe5 Nd7 14.Bf4 O-O-O
15.Ne2 Rdf8 16.Rh3 Bb5 17.Bh2 Rhg8 18.Rg3 Rxg3 19.Bxg3 Rf5 20.f4 Rf8 21.Ng1 Rg8
22.Kf2 Nf8 23.Nf3 Be8 24.Re1 Bg6 25.Re2 h5 26.Ng5 Bf5 27.Nf7 b6 28.Rd2 Kc7
29.Nh6 Rg6 30.Nxf5 exf5 31.Rxd5 Rg7 32.Kf3 Rd7 33.Rd3 Ne6 34.Bf2 Kc6 35.Be3 Kc7
36.c4 Kc6 37.a4 a5 38.Kf2 Kc7 39.Bc1 Kc6 40.Rg3 Rd4 41.Rg6 Kd7 42.Rf6 Rxc4
43.Be3 Rxc2+ 44.Kf3 Rc3 45.Ke2 Rc2+ 46.Kd3 Rxg2 47.Rxf5 Ra2 48.Rf7+ Ke8 49.Rf6 Ra3+
50.Ke4 Nc7 51.Rxb6 Rxa4+ 52.Kf5 Nd5 53.Rb8+ Kd7 54.Bc1 Rc4 55.Rb1 a4 56.Kg5 Rc2
57.f5 Rg2+ 58.Kxh5 c4 59.e6+ Kc6 60.Bg5 Re2 61.f6 Re5 62.f7 Nf4+ 63.Kg4 Nxe6
64.Bh6 Re4+ 65.Kg3 c3 66.Rc1 Rc4 67.f8=Q Nxf8 68.Bxf8 c2 69.h5 a3 70.Bxa3 Rc3+
71.Kg4  1-0